[Event "ACL-A138"]
[Site "www.playchess.de"]
[Date "2001.03.30"]
[Round "27"]
[White "jalal"]
[Black "Bastian1"]
[WhiteElo "1426"]
[BlackElo "1500"]
[PlyCount "37"]
[Result "1-0"]

1.e4 e5 2.Bc4 Nc6 3.d3 Nf6 4.a3 d5 5.exd5 Nxd5 
6.Nc3 Nxc3 7.bxc3 Be7 8.Bb3 O-O 9.Ne2 Be6 10.Bxe6 
fxe6 11.Be3 h6 12.Ng3 Bh4 13.Qg4 Bxg3 14.hxg3 Qe7 
15.Bxh6 Rf6 16.f4 Kf8 17.Bg5 Qc5 18.Kd2 Rg6 
19.Rh8+ 1-0

[Event "HCL-C264"]
[Site "www.playchess.de"]
[Date "2001.03.30"]
[Round "4"]
[White "Toady"]
[Black "guigao"]
[WhiteElo "687"]
[BlackElo "1425"]
[PlyCount "44"]
[Result "0-1"]

1.e4 e5 2.Nf3 Nc6 3.Bc4 Nf6 4.Nc3 d6 5.Ng5 Be6 
6.Bxe6 fxe6 7.Nxe6 Qe7 8.Nxf8 Rxf8 9.O-O O-O-O 
10.d3 h6 11.Nd5 Nxd5 12.exd5 Nb4 13.c4 Qf6 14.Be3 
Qf5 15.h3 Nxd3 16.Qg4 Qxg4 17.hxg4 Nxb2 18.Bxa7 
Nxc4 19.Rab1 Nd2 20.Rfe1 Nxb1 21.Rxb1 b6 22.Rc1 
Kb7 0-1

[Event "HCL-A120"]
[Site "www.playchess.de"]
[Date "2001.03.30"]
[Round "6"]
[White "Whatever"]
[Black "Flemming"]
[WhiteElo "1532"]
[BlackElo "1848"]
[PlyCount "29"]
[Result "1-0"]

1.e4 {Have a good game}  c6 {Same to you}  2.d4 d5 
3.e5 Bf5 4.Bd3 Bxd3 5.Qxd3 e6 6.Ne2 Qb6 7.Nbc3 Qa6 
8.Qh3 c5 9.Nxd5 exd5 10.Qc8+ Ke7 11.Qxc5+ Ke8 
12.Qc8+ Ke7 13.Bd2 Qb5 14.Nf4 a5 
15.c4 1-0

[Event "ACL-E011"]
[Site "www.playchess.de"]
[Date "2001.03.30"]
[Round "5"]
[White "Bauernopfer"]
[Black "dzwonek"]
[WhiteElo "1623"]
[BlackElo "1687"]
[PlyCount "75"]
[Result "1/2-1/2"]

1.e4 c5 {Hello again!}  2.Nf3 {Hi!}  a6 3.Nc3 b5 
4.d4 {I have never seen this opening.}  cxd4 {me 
too. I do not like the theory.}  5.Nxd4 b4 6.Nd5 
{.}  e6 7.Ne3 Nf6 8.e5 Ne4 9.g3 d6 10.Bg2 Bb7 
11.exd6 Nxd6 12.O-O Bxg2 13.Nxg2 Be7 14.a3 bxa3 
15.Rxa3 Ra7 16.Rd3 Rd7 17.Bf4 O-O 18.Ne3 Nb5 
19.Nc6 Rxd3 20.Nxe7+ Qxe7 {What is your real chess 
rating?}  21.Qxd3 {Around 1450. But it increases 
every year.}  Rd8 {So you are using software. 
Which engine? Main is over 2000.}  22.Qe4 
{Normally not. I only own Fritz2 and play at work. 
At the moment 35 games.}  Nd4 {But do you 
understand what you play? Fritz plays much 
stronger than 1450. That is "different" game.}  
23.Nc4 {Yes. And by the way: It is legal to use 
software in this class.}  Qc5 {I'm not saying 
that. I only wanted to know. I do not use 
software, but it is my choice..}  24.Qd3 {.}  Nbc6 
25.c3 Nb3 26.Qe2 Qd5 {Maybe later. I want to play 
more.}  27.Be3 {ok}  Qe4 28.f3 {.}  Qd5 29.Re1 Qb5 
30.Bf4 Nc5 31.Bd6 a5 32.h3 a4 33.Kh1 h6 34.Kg2 Rd7 
35.Bxc5 Qxc5 36.Ra1 Qb5 37.Kf2 Rb7 
38.Rd1 1/2-1/2

[Event "HCL-A119"]
[Site "www.playchess.de"]
[Date "2001.03.30"]
[Round "7"]
[White "Yogibear"]
[Black "IHTEM"]
[WhiteElo "1828"]
[BlackElo "1700"]
[PlyCount "37"]
[Result "1-0"]

1.d4 {hello and good luck!}  d5 2.Nf3 e6 {hello 
and good luck from Moscow}  3.e3 {greetings to 
Moscow, I think it`s rather cold there now!}  Nd7 
{No, is now warm. -5 Ñ}  4.c4 {same here -2 N, 
sunny!}  dxc4 5.Bxc4 Nb6 6.Bb3 {You are my second 
gamer from Russia.The first game with giya ended 
draw.}  Ne7 {I shall try to break this tradition}  
7.O-O {So I don`t hope for you you will break the 
tradition in losing the game!}  Ng6 {I too don't 
hope, but I have the bad tradition to win.}  8.Nc3 
a6 9.Bd2 {i think the better wins}  f5 {I can you 
to yield, for this you to is necessary press the 
button "Resign"}  10.e4 {this kind of 
dutch-defense will bring you no luck!}  Be7 
11.exf5 exf5 12.Re1 Qd6 13.Ne5 Rf8 14.Bg5 {Hi 
Jury, please give power.Think at your tradition to 
win! Greetings Jürgen}  Rf6 15.Qh5 Be6 16.Bxf6 
gxf6 17.Nxg6 hxg6 18.Qxg6+ Kd7 19.Rxe6 {*smile*} 
 1-0

[Event "HCL-A119"]
[Site "www.playchess.de"]
[Date "2001.03.30"]
[Round "35"]
[White "easykiller"]
[Black "nextalby"]
[WhiteElo "1639"]
[BlackElo "1996"]
[PlyCount "62"]
[Result "0-1"]

1.d4 {Hi from Slovakia}  Nf6 {Hallo from Italy}  
2.Nf3 g6 3.g3 Bg7 4.Bg2 d5 5.O-O O-O 6.b3 Nbd7 
7.Bb2 c5 8.dxc5 Nxc5 9.Nbd2 Bf5 10.c4 dxc4 11.Nxc4 
Rc8 12.Qxd8 Rfxd8 13.Rfd1 Be4 14.Ng5 Bxg2 15.Kxg2 
h6 16.Nf3 Nce4 17.Rxd8+ Rxd8 18.h3 b5 19.Na5 Rc8 
20.Ne1 Nxf2 21.Kxf2 Ne4+ 22.Ke3 Bxb2 23.Rb1 Nc3 
24.Nd3 Nxb1 25.Nxb2 Rc2 26.Nd3 Rxa2 27.Nc6 Kf8 
28.Nf4 a5 29.Nd5 Ra3 30.Ndxe7 Rxb3+ 31.Kf4 
a4 0-1

[Event "HCL-B273"]
[Site "www.playchess.de"]
[Date "2001.03.30"]
[Round "14"]
[White "lebesgue"]
[Black "Bastian2"]
[WhiteElo "1551"]
[BlackElo "1500"]
[PlyCount "23"]
[Result "1-0"]

1.d4 d5 2.Nf3 Bg4 3.Bf4 Bxf3 4.gxf3 Nf6 5.e3 Nc6 
6.Bb5 Qd7 7.c4 a6 8.Qa4 O-O-O 9.Nc3 axb5 10.Nxb5 
dxc4 11.Qa8+ Nb8 12.Na7+ 1-0

[Event "HCL-C268"]
[Site "www.playchess.de"]
[Date "2001.03.30"]
[Round "11"]
[White "olaf"]
[Black "MEATHEAD"]
[WhiteElo "1447"]
[BlackElo "956"]
[PlyCount "27"]
[Result "1-0"]

1.e4 e5 2.f4 exf4 3.Bc4 Nf6 4.Nc3 Bc5 5.d4 Bb4 
6.Nf3 Qe7 7.O-O O-O 8.Bxf4 d6 9.e5 Bxc3 10.bxc3 
Nc6 11.exf6 Qxf6 12.Ng5 Nd8 13.Qd3 Ne6 
14.Qxh7+ 1-0

[Event "HCL-C268"]
[Site "www.playchess.de"]
[Date "2001.03.30"]
[Round "13"]
[White "hercos"]
[Black "MEATHEAD"]
[WhiteElo "1001"]
[BlackElo "956"]
[PlyCount "27"]
[Result "1-0"]

1.e4 e5 2.Nf3 Nc6 {lucky me, now i get to kick 
your ass twice}  3.d4 {In the past as all beginner 
I lost a lot of games.Nowadays I fight against the 
best players FIDE2200}  d6 4.Bc4 Be6 5.d5 b5 6.Bb3 
Nd4 7.dxe6 Nxf3+ 8.Qxf3 f6 9.Nc3 c6 10.a4 a6 
11.Qh5+ g6 12.Qf3 Ne7 13.Qxf6 Rg8 
14.Qf7+ 1-0

[Event "HCL-C268"]
[Site "www.playchess.de"]
[Date "2001.03.30"]
[Round "21"]
[White "MEATHEAD"]
[Black "supernova"]
[WhiteElo "956"]
[BlackElo "1000"]
[PlyCount "34"]
[Result "0-1"]

1.e4 e5 {Hi!}  2.Nf3 {prepare for battle}  Nc6 
3.Nc3 Bb4 {ok, man I'm off for today, I'll resume 
tomorrow, think hard! :-)}  4.Bc4 Nf6 5.Ng5 O-O 
6.f3 h6 7.Nh3 Nd4 8.a3 Bc5 9.b4 Bb6 10.Bb2 d6 
11.Nd5 Be6 12.Ne3 Bxh3 13.gxh3 Nh5 14.Nf5 Nxf5 
15.exf5 Qh4+ 16.Ke2 Nf4+ 17.Kf1 Qf2+ {thanks. 
Untill you made the mistake I was sure you had me, 
you play well!}  0-1

[Event "HCL-C268"]
[Site "www.playchess.de"]
[Date "2001.03.30"]
[Round "27"]
[White "Lukas"]
[Black "MEATHEAD"]
[WhiteElo "1000"]
[BlackElo "956"]
[PlyCount "56"]
[Result "0-1"]

1.e4 e5 2.Nf3 d6 3.Be2 Nf6 4.d3 Nc6 5.Nc3 Be6 
6.Bg5 Be7 7.Qd2 Qd7 8.a3 h6 9.Bxf6 Bxf6 10.O-O-O 
Bg4 11.h3 Bxf3 12.Bxf3 Bg5 13.Qxg5 hxg5 14.Bg4 Qd8 
15.Nd5 Ne7 16.g3 Nxd5 17.exd5 g6 18.Rde1 f5 19.Bf3 
c5 20.dxc6 bxc6 21.Bxc6+ Kf8 22.d4 Rb8 23.dxe5 Qb6 
24.e6 Qxc6 25.e7+ Ke8 26.Re6 Rc8 27.c3 Qxh1+ 
28.Kc2 {Okay, I have enough. I give up at next 
move. Sorry for my poor English :)}  
Rxh3 0-1

[Event "HCL-C268"]
[Site "www.playchess.de"]
[Date "2001.03.30"]
[Round "28"]
[White "supernova"]
[Black "Lukas"]
[WhiteElo "1000"]
[BlackElo "1000"]
[PlyCount "47"]
[Result "1-0"]

1.e4 {Hi, ICQ # 8992166 if you want to play 
faster..}  c5 {Hi! Sorry, my English is 
terrible...}  2.Nc3 {no problem}  d6 3.d3 Nf6 
4.Nf3 a6 5.e5 Nfd7 6.exd6 exd6 7.Qe2+ Qe7 8.Ne4 
Nc6 9.Nxd6+ Kd8 10.Nxf7+ Qxf7 11.Ng5 Qe7 12.Ne6+ 
Ke8 13.Nc7+ Kd8 14.Nxa8 Qxe2+ 15.Bxe2 Bd6 16.Bg5+ 
Ke8 17.Bh5+ g6 18.Bg4 Nd4 19.O-O-O {gotten morgen} 
 Nc6 {Hallo! Kannst Du deutsch sprechen...?}  
20.Rde1+ {no, I can only say gotten mrgen..  ;-)}  
Kf7 {:)}  21.Be6+ Kg7 22.Bxd7 Bxd7 23.Nb6 Bf5 {I 
can not win this Game. I give up at next move...}  
24.Nd5 1-0

[Event "HCL-A035"]
[Site "www.playchess.de"]
[Date "2001.03.31"]
[Round "6"]
[White "BENEVOLENTONE"]
[Black "mel"]
[WhiteElo "1600"]
[BlackElo "1700"]
[PlyCount "146"]
[Result "0-1"]

1.e4 Nc6 2.d4 e6 3.d5 exd5 4.exd5 Nce7 5.Qe2 b6 
6.c4 d6 7.g3 Bb7 8.Nc3 h6 9.Nb5 c6 10.Bg2 cxb5 
11.Qg4 bxc4 12.Ne2 Nf6 13.Qxc4 Rc8 14.Qb5+ Qd7 
15.Qxd7+ Nxd7 16.O-O g5 17.Nd4 Bg7 18.Be3 O-O 
19.Nb5 Bxb2 20.Rad1 Ba6 21.Nxd6 Bxf1 22.Nxc8 Nxc8 
23.Bxf1 a5 24.Bh3 f5 25.f4 g4 26.Bg2 Nd6 27.h3 h5 
28.hxg4 hxg4 29.Rb1 Nc4 30.Bc1 Bd4+ 31.Kf1 Kf7 
32.Rb3 a4 33.Rd3 Bc5 34.Rc3 b5 35.Ke1 Bb4 36.Bd2 
Nxd2 37.Rc7 Re8+ 38.Kd1 Re7 39.Kc2 Nf6 40.Rc6 Nde4 
41.Bf1 Rb7 42.Kb2 Nxd5 43.a3 Bc3+ 44.Kc2 Ne3+ 
45.Kd3 Nxf1 46.Ke2 Nexg3+ 47.Kd3 Bd2 48.Rh6 Bxf4 
49.Rh7+ Kg6 50.Rxb7 Bc1 51.Rxb5 Bxa3 52.Ra5 Ne4 
53.Ke2 Nfg3+ 54.Ke3 Nc5 55.Kf4 Nh5+ 56.Ke3 Kg5 
57.Kf2 Kh4 58.Kg2 f4 59.Ra8 f3+ 60.Kf2 Bb2 61.Rc8 
Ne4+ 62.Ke3 Nhf6 63.Rc2 a3 64.Rh2+ Kg3 65.Rh1 f2 
66.Ke2 Kg2 67.Rd1 Nc3+ 68.Kd2 Nfe4+ 69.Kc2 Nxd1 
70.Kxd1 f1Q+ {%}  71.Kc2 Qc4+ 72.Kd1 Kf3 73.Ke1 
{?}  Qe2+ 0-1

[Event "HCL-A055"]
[Site "www.playchess.de"]
[Date "2001.03.31"]
[Round "10"]
[White "Machiavelli_________"]
[Black "P1902"]
[WhiteElo "1734"]
[BlackElo "1898"]
[PlyCount "74"]
[Result "0-1"]

1.e4 d5 2.exd5 Qxd5 3.Nc3 Qa5 4.d4 Nf6 5.Nf3 Bf5 
6.Bc4 e6 7.Bd2 c6 8.O-O Qc7 9.Re1 Be7 10.h3 Nbd7 
11.a3 h6 12.b4 Nb6 13.Bb3 g5 14.Ne5 Nbd7 15.Qe2 
Nxe5 16.dxe5 Nd7 17.Na4 O-O-O 18.c4 Rdg8 19.g4 Bg6 
20.Qe3 Nb6 21.Nxb6+ Qxb6 22.Qxb6 axb6 23.Be3 Kc7 
24.Bd1 Rga8 25.Be2 Rhd8 26.Rec1 Bd3 27.Kf1 Bf8 
28.f4 gxf4 29.Bxf4 Bg6 30.Be3 Bg7 31.Ra2 Bxe5 
32.Bxh6 Rdh8 33.g5 f6 34.Bg4 fxg5 35.Bxg5 Bd3+ 
36.Kg2 Rag8 37.Be3 Rxg4+ 0-1

[Event "HCL-A059"]
[Site "www.playchess.de"]
[Date "2001.03.31"]
[Round "3"]
[White "rtkohn"]
[Black "BENEVOLENTONE"]
[WhiteElo "1700"]
[BlackElo "1080"]
[PlyCount "71"]
[Result "1-0"]

1.e4 e6 2.d4 c5 3.Nf3 h6 4.c4 Nf6 5.Bd3 Nc6 6.d5 
Nb4 7.O-O g5 8.e5 Nh5 9.Nc3 g4 10.Ne1 Bg7 11.Qxg4 
Nxd3 12.Nxd3 {Welcome back, benevolentone}  b6 {HI 
HAVE A HAPPY NEWYEAR RTKOHN}  13.Qxh5 O-O 14.Bxh6 
Bxh6 15.Qxh6 f5 16.Qg6+ Kh8 17.f4 Qe7 18.Rf3 Qg7 
{WHAT A MESS IVE COME BACK TO LOL}  19.Rh3+ {you 
are right. 7g5 was not a good idea. now Kg8, Qh5 
and loss of your queen.}  Kg8 20.Qh5 Rf7 21.Rg3 
Ba6 22.Rxg7+ Rxg7 23.b3 Bb7 24.Rf1 Rh7 25.Qe2 Kf7 
26.Nb5 Ke7 27.Nd6 Ba6 28.b4 Rg8 29.Nxf5+ Kd8 
30.Nd6 Rh3 31.Rf3 Rxf3 32.Qxf3 exd5 33.Qxd5 Rf8 
34.b5 Bc8 35.Qa8 Ke7 36.Nxc8+ 1-0

[Event "HCL-A061"]
[Site "www.playchess.de"]
[Date "2001.03.31"]
[Round "26"]
[White "Jessica"]
[Black "StuartThomson"]
[WhiteElo "1700"]
[BlackElo "1700"]
[PlyCount "25"]
[Result "1-0"]

1.e4 e6 {Enjoy the game!}  2.d4 {thanks you too!}  
d5 3.exd5 exd5 4.Bd3 Nf6 5.Bg5 Be7 6.Ne2 O-O 
7.Nbc3 Bg4 8.O-O h6 9.Be3 c6 10.Qd2 Nbd7 11.f3 Bh5 
12.Bxh6 Bg6 13.Bxg6 1-0

[Event "HCL-B131"]
[Site "www.playchess.de"]
[Date "2001.03.31"]
[Round "5"]
[White "yar75028"]
[Black "Takavor"]
[WhiteElo "1500"]
[BlackElo "1500"]
[PlyCount "83"]
[Result "1-0"]

1.d4 d5 2.Nf3 e6 3.Nbd2 c5 4.e4 Nc6 5.Bb5 Bd7 6.c4 
Nxd4 7.Nxd4 cxd4 8.Bxd7+ Qxd7 9.cxd5 exd5 10.O-O 
Bd6 11.exd5 Bc7 12.Nf3 {hello, it's been awhile. i 
had to go find my pswd..}  Nf6 13.Re1+ Kf8 14.Bg5 
Qxd5 15.Qxd4 Qxd4 16.Nxd4 Nd5 17.Nb5 Bb6 18.Rad1 
Nc7 {How can you know how often I visit the site?I 
haven't moved for 5 days,not weeks.My server was 
down!}  19.Nxc7 {you are #295 in the cls. B list. 
u where here 2/12,14,15 & 16 according to it.}  
Bxc7 20.Be7+ Kg8 21.Bd8 h6 22.Re8+ Kh7 23.Rxh8+ 
Kxh8 24.Bxc7 Re8 25.Rd8 Rxd8 26.Bxd8 Kg8 27.Be7 h5 
28.Kf1 f5 29.Ke2 Kf7 30.Bg5 Ke6 31.Kd3 Kd5 32.a4 
g6 33.Kc3 b6 34.h4 a6 35.Kb4 Kc6 36.Kc4 b5+ 37.Kb4 
bxa4 38.Ka5 Kc5 39.Kxa4 Kb6 40.Be3+ Kc6 41.Ka5 Kb7 
42.b4 1-0

[Event "HCL-B131"]
[Site "www.playchess.de"]
[Date "2001.03.31"]
[Round "27"]
[White "tuzlak"]
[Black "MP"]
[WhiteElo "700"]
[BlackElo "1500"]
[PlyCount "42"]
[Result "0-1"]

1.e4 c5 2.Nc3 d6 3.Nf3 Nc6 4.Bc4 e6 5.d4 cxd4 
6.Nxd4 Nf6 7.O-O Be7 8.Re1 O-O 9.a3 a6 10.h3 b5 
11.Nxc6 Qc7 12.Nxe7+ Qxe7 13.Be2 Bb7 14.Bf3 Rfd8 
15.Qe2 Rac8 16.e5 dxe5 17.Bxb7 Qxb7 18.Qxe5 Rd7 
19.Be3 Rcd8 20.a4 b4 21.Ne2 R7d5 0-1

[Event "HCL-B132"]
[Site "www.playchess.de"]
[Date "2001.03.31"]
[Round "13"]
[White "Franky"]
[Black "JeanPierre"]
[WhiteElo "1200"]
[BlackElo "1619"]
[PlyCount "89"]
[Result "1-0"]

1.e4 Nf6 2.e5 Nd5 3.d4 d6 4.Nf3 g6 5.c4 Nb6 6.exd6 
cxd6 7.h3 Bg7 8.Nc3 O-O 9.Be3 Nc6 10.Rc1 d5 11.c5 
Nc4 12.Bxc4 dxc4 13.O-O Bf5 14.Qa4 Bd3 15.Rfd1 
Nxd4 16.Nxd4 Bxd4 17.Rxd3 cxd3 18.Bxd4 Qe8 19.Qb4 
Qd7 20.Rd1 Rfd8 21.Be3 Qc6 22.Qc4 Qd7 23.b4 Rac8 
24.b5 Qf5 25.Qh4 Qe6 26.Ne4 f6 27.a4 Qb3 28.Re1 
Qe6 29.Rc1 g5 30.Nxg5 fxg5 31.Qxg5+ Kf8 32.Qf4+ 
Ke8 33.Rd1 a6 34.Qb4 Qg6 35.c6 bxc6 36.b6 Rcb8 
37.Qc4 a5 38.Qc3 Kf7 39.Qxa5 Rd5 40.Qc3 Qe4 41.Kh2 
c5 42.a5 c4 43.a6 Rg8 44.g3 Rb5 
45.b7 1-0

[Event "HCL-C134"]
[Site "www.playchess.de"]
[Date "2001.03.31"]
[Round "9"]
[White "donkey"]
[Black "E_T_"]
[WhiteElo "1134"]
[BlackElo "1000"]
[PlyCount "76"]
[Result "1/2-1/2"]

1.d4 c6 2.c4 Nf6 3.Nc3 d5 4.Nf3 dxc4 5.e4 b5 6.e5 
Nd5 7.Ng5 Bf5 8.g4 Bg6 9.Nf3 Nb4 10.Ke2 Qa5 11.Ne1 
Nd7 12.Bg2 Nxe5 13.dxe5 Rd8 14.Bd2 Nd3 15.Bxc6+ 
Rd7 16.Bxd7+ Kxd7 17.Nxd3 Bxd3+ 18.Ke1 e6 19.Qf3 
Qc7 20.Qxf7+ Be7 21.Qxg7 Qb8 22.Bg5 Re8 23.Bxe7 
Rxe7 24.Qf6 Qb7 25.f3 Qb6 26.Nd1 Bg6 27.Rf1 b4 
28.f4 Qd4 29.Qg5 Bc2 30.Qh6 Kc7 31.f5 exf5 32.e6 
Qd5 33.Kf2 Rxe6 34.Qxh7+ Kb6 35.Qh8 Qe4 {Are you 
sure ?: )}  36.Qb8+ {not really =(}  Ka6 37.Qc8+ 
Kb6 38.Qb8+ Ka6 1/2-1/2

[Event "HCL-C140"]
[Site "www.playchess.de"]
[Date "2001.03.31"]
[Round "19"]
[White "Pietros"]
[Black "hun"]
[WhiteElo "1378"]
[BlackElo "1804"]
[PlyCount "75"]
[Result "1/2-1/2"]

1.e4 Nf6 2.e5 Nd5 3.d4 d6 4.Bc4 Nb6 5.Bb3 dxe5 
6.Qh5 e6 7.Qxe5 Nc6 8.Qf4 Nxd4 9.Nf3 Nxb3 10.cxb3 
Bd6 11.Qg4 O-O 12.O-O e5 13.Qe4 f5 14.Qc2 h6 
15.Rd1 Bd7 16.Nc3 e4 17.Nd4 c6 18.Ndb5 Bxh2+ 
19.Kxh2 cxb5 20.Kg1 b4 21.Nb5 Rc8 22.Qe2 Bxb5 
23.Qh5 Qf6 24.Be3 Qxb2 25.Rab1 Qxa2 26.Bxh6 Rc7 
27.Bd2 a6 28.Bxb4 Be2 29.Qh2 Bxd1 30.Qxc7 Qxb1 
31.Qxb6 Bxb3+ 32.Kh2 Rf7 33.Qd8+ Kh7 34.Qh4+ Kg6 
35.Qg3+ Kh7 36.Qh4+ Kg8 37.Qd8+ Kh7 
38.Qh4+ 1/2-1/2

[Event "ACL-A078"]
[Site "www.playchess.de"]
[Date "2001.03.31"]
[Round "11"]
[White "Hermi"]
[Black "iq160"]
[WhiteElo "2107"]
[BlackElo "1676"]
[PlyCount "71"]
[Result "1-0"]

1.d4 {Hallo, schöne Partie wünsche ich!}  Nf6 2.c4 
g6 3.Nc3 d5 4.Nf3 Bg7 5.Bf4 Nh5 6.Be5 dxc4 7.Bxg7 
Nxg7 8.e3 Nd7 9.Bxc4 Nb6 10.Bb3 O-O 11.O-O c6 
12.Ng5 Be6 13.Nxe6 Nxe6 14.Bxe6 fxe6 15.Rc1 Qd7 
16.Qb3 Rf5 17.e4 Rf7 18.Ne2 Raf8 19.Rc5 Nc8 {das 
Spiel ist nicht mehr wichtig. Kann dieses Turnier 
eh nicht mehr gewinnen}  20.f3 {Na, eine Partie 
ist doch auch wichtig, wenn´s nicht mehr um den 
ersten Platz geht. Gruß H.}  Nd6 {War zu oft mit 
Remis zufrieden. In Zukunft spiele ich nur noch 
auf Sieg}  21.Rd1 Rd8 22.Qd3 Qc7 23.b4 b6 24.Rcc1 
b5 25.Rc5 Nc4 26.Qb3 a6 27.Kh1 Qd7 28.a4 h5 29.Qb1 
e5 30.d5 Rf6 31.Nc3 cxd5 32.Nxd5 Rd6 33.axb5 axb5 
34.Rf1 Qe6 35.Qc1 Nb6 36.Nxb6 1-0

[Event "HCL-C154"]
[Site "www.playchess.de"]
[Date "2001.03.31"]
[Round "8"]
[White "rhonda202"]
[Black "Chill"]
[WhiteElo "944"]
[BlackElo "466"]
[PlyCount "41"]
[Result "1-0"]

1.e4 {good luck :0)}  c5 2.d4 cxd4 3.Qxd4 Nc6 
4.Qc4 d6 5.Qc3 Bd7 6.Bb5 Rc8 7.Qf3 Nf6 8.Nc3 Nd4 
9.Qe3 Nxc2+ 10.Kd1 {nice !}  Nxe3+ 11.Bxe3 Bxb5 
{thank you.}  12.Nxb5 {welcome.:o)}  Qa5 13.Ne2 
Qxb5 14.Nc3 Qxb2 15.Rb1 Qxc3 16.Rc1 Qd3+ 17.Bd2 
Rxc1+ 18.Kxc1 Nxe4 19.Rd1 Nxf2 20.Re1 Ne4 
21.Re2 1-0

[Event "HCL-E020"]
[Site "www.playchess.de"]
[Date "2001.03.31"]
[Round "6"]
[White "peze2"]
[Black "KARFOPOULOS"]
[WhiteElo "1836"]
[BlackElo "2600"]
[PlyCount "84"]
[Result "0-1"]

1.e4 {Hi! Let's have a nice game.}  e5 {I hope 
Caissa will give pleasure to the best fighter}  
2.Nf3 Nc6 3.Bb5 a6 4.Ba4 Nf6 5.O-O Nxe4 6.d4 b5 
7.Bb3 d5 8.dxe5 Be6 9.Be3 Be7 10.c3 Qd7 11.Nbd2 
Rd8 12.h3 O-O 13.Bc2 Bf5 14.Nd4 Bg6 15.Nxe4 Bxe4 
16.Nxc6 Qxc6 17.Bxe4 dxe4 18.Qg4 Rd3 19.Rae1 f5 
20.f6 Bxf6 21.Bf4 Re8 22.Re2 Qd5 23.Rfe1 c5 24.Kh2 
b4 25.cxb4 cxb4 26.f3 Rf8 27.R2xe4 Qxa2 28.Rxb4 a5 
29.Rb5 Qc4 30.Rxa5 Bxb2 31.Re4 Qf7 32.Be5 Rd2 
33.Qg5 Bxe5+ 34.Raxe5 Rd7 35.R5e7 Rxe7 36.Rxe7 
Qf4+ 37.Qxf4 Rxf4 38.Kg3 Rc4 39.f4 {Sorry, but I 
hope to win.}  Kf8 {OK, I MUST SHOW MY TECHNIQUE 
ON THE ROOK ENDINGS.}  40.Rd7 {Thanks :-)}  Rc3+ 
41.Kg4 Rc2 42.g3 Rc3 0-1

[Event "ACL-A084"]
[Site "www.playchess.de"]
[Date "2001.03.31"]
[Round "5"]
[White "Brent"]
[Black "hun"]
[WhiteElo "1500"]
[BlackElo "1620"]
[PlyCount "50"]
[Result "0-1"]

1.e4 {gl 2 u}  Nf6 2.Nc3 e6 {Brent ?  =  ??}  3.d4 
{coaches name}  d5 {a-ha...       :-)}  4.exd5 
exd5 {-)}  5.Bd3 Nc6 6.Nge2 Nb4 7.Bg5 Nxd3+ 8.Qxd3 
Be7 9.O-O-O O-O 10.Nf4 c6 11.Rde1 h6 12.Bxf6 Bxf6 
13.Re2 Qb6 14.Rd1 Bg5 15.g3 Bd7 16.h4 Bxf4+ 
17.gxf4 Rae8 18.Re3 Qc7 19.Ne2 Bg4 20.f3 Bf5 
21.Qd2 Rxe3 22.Qxe3 Qd8 23.Qe5 Bxc2 24.Rg1 g6 
25.Kxc2 Re8 0-1

[Event "HCL-E024"]
[Site "www.playchess.de"]
[Date "2001.03.31"]
[Round "10"]
[White "lubos"]
[Black "SG42699"]
[WhiteElo "1967"]
[BlackElo "2000"]
[PlyCount "52"]
[Result "0-1"]

1.e4 e5 2.Nf3 Nf6 3.Nc3 Bb4 4.Nd5 Nxd5 5.exd5 e4 
6.Nd4 O-O 7.a3 Bc5 8.Nb3 d6 9.Nxc5 dxc5 10.c4 c6 
11.d4 cxd5 12.dxc5 d4 13.Bf4 Qf6 14.Qd2 Re8 15.Be2 
Nd7 16.Bd6 d3 17.Bd1 Ne5 18.Bxe5 Rxe5 19.O-O Rxc5 
20.Qe3 Rxc4 21.Bb3 Rc7 22.Qxe4 Bf5 23.Qb4 a5 
24.Qb5 a4 25.Bd5 d2 26.Rfd1 Rc2 0-1

[Event "HCL-E024"]
[Site "www.playchess.de"]
[Date "2001.03.31"]
[Round "31"]
[White "GOUSGOUNIS"]
[Black "peze2"]
[WhiteElo "2000"]
[BlackElo "2294"]
[PlyCount "55"]
[Result "1-0"]

1.e4 e5 2.f4 {I follow the trend in this 
tournament and play the king's Gambit}  exf4 {o.k. 
Good luck! :-)}  3.Nf3 d6 4.d4 g5 5.h4 g4 6.Ng1 
Qf6 7.Nc3 Ne7 8.Nge2 Bh6 9.Qd2 Bd7 10.Nxf4 Nbc6 
11.d5 Nd4 12.Kd1 g3 13.Nh5 Bg4+ 14.Ne2 Bxh5 
15.Qxh6 Qe5 16.Qf4 Qxf4 17.Bxf4 f5 18.c3 Nxe2 
19.Bxe2 Bxe2+ 20.Kxe2 fxe4 21.c4 Nf5 22.Rac1 Kd7 
23.c5 Rae8 24.cxd6 cxd6 25.Rc4 b5 26.Rc3 a5 27.Rf1 
Rhf8 28.Rfc1 1-0

[Event "HCL-M006"]
[Site "www.playchess.de"]
[Date "2001.03.31"]
[Round "35"]
[White "bundyboy"]
[Black "kingscrusher"]
[WhiteElo "2200"]
[BlackElo "2200"]
[PlyCount "23"]
[Result "1-0"]

1.e4 {Hello!}  c5 2.g3 Nc6 3.Bg2 d6 4.d3 g6 5.f4 
Bg7 6.Nf3 Nf6 7.O-O O-O 8.h3 Rb8 9.g4 b5 10.f5 Bb7 
11.Qe1 Nd4 12.Nxd4 1-0

[Event "HCL-A080"]
[Site "www.playchess.de"]
[Date "2001.03.31"]
[Round "14"]
[White "swiety"]
[Black "hamgon"]
[WhiteElo "1700"]
[BlackElo "1724"]
[PlyCount "45"]
[Result "1-0"]

1.Nf3 {hello from nyc}  d5 {Hello from 
Bahia-Brazil, end Good Luck for you!}  2.d4 {what 
city are you from?}  c5 {Im from Salvador city}  
3.c4 e6 4.cxd5 exd5 5.g3 Nc6 6.Bg2 Bg4 7.Nc3 Nf6 
8.Be3 cxd4 9.Nxd4 Bb4 10.Rc1 Ne4 11.f3 Nxc3 
12.bxc3 Ba3 13.fxg4 Bxc1 14.Qxc1 O-O 15.Qd2 Ne5 
16.Nf5 Nc4 17.Qd4 Qf6 18.Nh6+ Kh8 19.Qxf6 gxf6 
20.Bd4 Ne5 21.g5 Kg7 22.Rf1 fxg5 
23.Nf5+ 1-0

[Event "ACL-A089"]
[Site "www.playchess.de"]
[Date "2001.03.31"]
[Round "2"]
[White "Yogibear"]
[Black "Hermi"]
[WhiteElo "1826"]
[BlackElo "2063"]
[PlyCount "53"]
[Result "1/2-1/2"]

1.c4 {hallo hermann,die besetzung scheint 
interessant zu werden,wünsche uns eine schöne 
partie ! Gruß}  Nf6 {Ja, sieht so aus, alles 
spieler mit hohen Ratings. Auch gilt bisher: man 
spricht deutsch. schönen Gr}  2.g3 {ist bestimmt 
keine leichte Gruppe! Gruß Jürgen}  e6 {seh ich 
auch so. du spielst jetzt auch Karo-Cann hab ich 
gesehen? (bei einer von dir kommentierten P}  
3.Nf3 {stimmtz,z.T. auch durch deine Partien! Bis 
jetzt auch mit recht befriedigenden Ergebnissemn! 
Gruß}  d5 {freut mich zu hören. schauen wir mal, 
wie diese Partie verläuft! Gruß H.}  4.Bg2 
{natürlich wie immer - 0:1 für Hermi!}  c6 {Wollen 
wir Wetten?? Ich hab das Gefühl, dass ich diesmal 
fällig bin.}  5.Qc2 {dein Wort in Gottes Ohr..aber 
schaun wir mal, werde versuchen, mein bestes zu 
geben!}  Nbd7 6.d4 dxc4 7.Qxc4 Bd6 8.O-O O-O 9.Nc3 
Qe7 10.Bg5 h6 11.Bxf6 Nxf6 12.Rac1 e5 13.dxe5 Bxe5 
14.Nxe5 {hab etwas in deinen Partien geschmökert. 
Caro-Kann ist wohl nicht mehr dein Favorit?}  Qxe5 
{Würd ich so nicht sagen. C-K werd ich sicher 
wieder spielen, möcht nur mal was anderes 
lehrnen.}  15.Rfd1 {ja,sonst wird es zu 
langweilig.Siz. ist keine schlechte Wahl!}  Be6 
{Hoffe ich auch, werd´s erleben. schönes 
wochenende!}  16.Qb4 {mit siz. habe ich mit 
schwarz,aber auch mit weiss,stets schlechte 
erfahrungen gemacht.Schönes WE Jür}  Rab8 17.e4 
{wünsche ich dir ebenfalls!}  Qh5 18.f3 Rfe8 
19.Ne2 a5 20.Qa3 Qb5 {hat etwas gedauert diesmal, 
hoffe es geht in zukunft wieder schneller. Gruß 
H.}  21.Nf4 {was lange währt, währt gut! Gruß 
Jürgen}  Qb6+ 22.Kh1 Rbd8 23.e5 Nd5 24.Nxe6 Rxe6 
25.f4 Ree8 26.Bf3 {schwierig ein Konzept zu 
finden.}  Qf2 {ja, find ich auch. wenn du mir 
remis bietest, nehm ich an.. Gruß Hermi.}  27.Be4 
{dann schönen Dank für die Partie, Remis ist schon 
ein Erfolg für mich! Gruß Jürgen} 
 1/2-1/2